[Event "Klubbmesterskap 2010"]
[Site "Ås, Akershus NOR"]
[Date "2010.02.18"]
[Round "4"]
[White "Bakken, Svein-Erik"]
[Black "Lea, Per"]
[Result "1-0"]
[WhiteElo "1337"]
[BlackElo "1536"]
[Annotator "Lea, Per"]
[PlyCount "89"]
[EventDate "2010.01.21"]

1. d4 Nf6 {Åpningsvalget er en kombinasjon av at jeg ikke fikk noe særlig ut
av dronninggambiten i runde 2 mot Alf-Geir Thowsen, og at jeg ikke alltid har
vært så fornøyd med tidligere dronninggambiter mot Svein-Erik Bakken heller.
Derfor tilbake til gammel kjærlighet, eventuell rust til tross.} 2. c4 g6 3.
Nc3 Bg7 4. e4 d6 5. f4 {Ser skrekkinngytende ut, men hunden bjeffer høyere enn
den biter. Svart må bare passe på å ikke bli klemt flat med en gang} c5 6. e5 {
I min enfoldighet trodde jeg at de eneste spillbare alternativene var:} (6. d5
e6 7. Nf3 O-O 8. Bd3 $11) (6. dxc5 Qa5 7. cxd6 Nxe4 8. Bd2 Nxd6 9. Nd5 Qd8 10.
Bc3 O-O 11. Bxg7 Kxg7 12. Nf3 $11 {
og det er kanskje også riktig, men det klarte jeg definitivt ikke å utnytte.})
6... dxe5 $2 {Egentlig likte jeg ikke dette trekket, men trodde allikevel at
det var det beste.} (6... Nfd7 7. d5 (7. exd6 cxd4 8. Nb5 O-O 9. Nc7 exd6 10.
Nxa8 Nc6 11. Nf3 Nc5 12. Bd3 Re8+ 13. Kf2 Be6 14. Re1 Qxa8 {
er nok litt bedre for hvit, men svart står fremdeles bedre.}) 7... dxe5 8. fxe5
Nxe5 9. Nf3 Nbd7 {er godt for svart.}) 7. dxe5 {Her hadde jeg ventet at hvit
ville holde bøndene i sentrum samlet, og både jeg selv og Fritz 11 mener at
svart står best:} (7. fxe5 Ng4 8. dxc5 Qxd1+ 9. Nxd1 Nxe5 10. Nf3 Nbc6 11. Bf4
Be6 {men teksttrekket er nok vesentlig bedre.}) 7... Qxd1+ 8. Nxd1 Ng4 9. Nf3 {
Verken Fritz 11 eller jeg hadde hatt noe imot at hvit hadde spilt:} (9. h3 Nh6
10. Nf3 Nf5 {men teksttrekker nok mye bedre. Springeren står jo ikke spesielt
godt på g4, så hvorfor ikke bare la den stå der og blomstre?}) 9... Bf5 $2 {
Ulogisk ut i fra min forrige kommentar - nå er jo f5 opptatt. Kanskje er det
ønsket om en snarlig lang rokadesomlokket?} 10. Nc3 Nc6 11. h3 {
Enkelt - og irriterende godt...} Nh6 12. Bd2 (12. Be3 b6 13. g4 Bd7 14. O-O-O {
er nok litt bedre.}) 12... O-O-O 13. O-O-O Nb4 {Spilt i den tro at
fortsettelsen 14.... Ld3 15.Lxd3 Sxd3+ 16.Kb1 Sf2 var tvungent for hvit,
hvilket den selvfølgelig ikke er. Heller ikke 14....Sd3+ 15.Lxd3 er noe
problem for hvit. 13....Sd4 hadde nok vært trekket her.} 14. g4 $1 Bd3 15. Be3
$1 {Enkelt og godt. Mitt 13. trekk ble spilt i den tro at hvit måtte spille:} (
15. Bxd3 Nxd3+ 16. Kc2 Nf2 17. Rhf1 Nxd1 18. Rxd1) 15... Bxf1 16. Rhxf1 b6 17.
a3 {Enda bedre er:} (17. Ng5 Nc6 18. Nce4 a6 19. Rxd8+ Nxd8 20. Bd2 Ng8 21. Nf3
f6 22. a4 a5) 17... Nc6 18. Rd5 f5 19. g5 Nf7 20. Kc2 h6 21. h4 (21. gxh6 Rxh6
22. h4 {er helt greit for hvit.}) 21... hxg5 22. Nxg5 Nxg5 23. hxg5 Rh3 24.
Rxd8+ Kxd8 25. Rd1+ Kc8 26. Rd3 $2 {Hvit vil naturlig nok ikke gi fra seg
kontrollen over den åpne d-linja, men dermed får svart anledning til en liten
kombinasjon. 26. Lg1 eller 26.Te1 hadde gitt omtrent lik stilling.} (26. Re1 e6
27. b3 Bf8 28. Nd1 Rh2+ 29. Kc3 Be7 $11) (26. Bg1 Rg3 27. Ne2 Rg2 28. Re1 Nxe5
29. fxe5 Bxe5 30. Kb3 f4 31. Nc3 Rxg5 $15) 26... Bxe5 $1 27. Nd5 {Hvis jeg ikke
husker feil, gikk jeg på dette tidspunkt og hentet meg en kopp kaffe - et
sikkert tegn på at jeg står klart best (i egne øyne.... Det er ikke alltid det
stemmer).} (27. fxe5 Nxe5 28. Nd5 Nxd3 29. Kxd3 e5 30. Ke2 Kd7 {
er kanskje litt bedre.}) 27... Bb8 28. Kc3 e6 29. Nf6 e5 30. Nd5 e4 {Med avgjør
ende fordel for svart - på papiret.... Beklageligvis er det ikke der partiene
avgjøres.} 31. Rd2 Bd6 {
Ingen bukk i og for seg, men slag på f4 er jo mye bedre.} 32. Kc2 Bf8 {
Nok en gang overser jeg et sterkt trekk:} (32... Rxe3 33. Nxe3 Bxf4 34. Re2
Nd4+ {0-1.}) 33. Rd1 Ne7 34. Bc1 Kb7 $4 {Tidsnød. Og rett inn i en
tapskombinasjon. Svein-Erik brukte vel ca. 0.4 sekunder på å se den.} 35. Nxe7
Bxe7 36. Rd7+ Ka6 37. Rxe7 Rh2+ 38. Kb1 Rh1 39. Kc2 Rh2+ 40. Kb3 $1 {
Ingen grunn til å gjemme bort kongen på b1 - her skal den med i mattangrepet!}
Rh3+ 41. Ka4 Rh1 42. b4 $1 cxb4 (42... Rxc1 43. b5#) (42... b5+ 43. cxb5+ Kb6
44. Be3 {1-0.}) 43. axb4 b5+ 44. cxb5+ Kb6 45. Be3# {Like enkelt som vakkert.}
1-0

[Event "Klubbmesterskap 2010"]
[Site "Ås, Akershus NOR"]
[Date "2010.04.01"]
[Round "4"]
[White "Weberg, Øivind"]
[Black "Thowsen, Alf Geir"]
[Result "1-0"]
[WhiteElo "1517"]
[BlackElo "1178"]
[PlyCount "111"]

1. e4 e6 2. d4 d5 3. Nc3 Nf6 4. Bg5 Bb4 5. e5 h6 6. exf6 hxg5 7. fxg7 Rg8 8.
Qh5 Qf6 9. Qh7 Qxg7 10. Qxg7 Rxg7 11. O-O-O Bxc3 12. bxc3 Bd7 13. h4 Rh7 14.
Nf3 gxh4 15. Nxh4 Rh8 16. Bd3 Nc6 17. Rde1 O-O-O 18. Nf3 Rdg8 19. g3 f6 20. Kd2
Re8 21. Rxh8 Rxh8 22. Nh4 e5 23. Bf5 Bxf5 24. Nxf5 Rh5 25. g4 Rh2 26. Ke3 e4
27. Re2 Kd7 28. Re1 Na5 29. Rb1 Nc4+ 30. Ke2 b6 31. Ne3 Nxe3 32. Kxe3 Rg2 33.
f3 exf3 34. Kxf3 Rxc2 35. Rh1 Rxc3+ 36. Kf4 Ke6 37. Rh6 Rc1 38. g5 Rf1+ 39. Ke3
Kf7 40. Rh7+ Kg6 41. Rxc7 fxg5 42. Rd7 Rf5 43. Rxa7 Rf6 44. Rd7 Rf5 45. Rd6+
Rf6 46. Rxd5 Rf5 47. Rd8 g4 48. Ke4 Rf2 49. Rg8+ Kh5 50. d5 Rxa2 51. d6 Ra7 52.
Kf5 Rf7+ 53. Ke6 Rf3 54. d7 Re3+ 55. Kf5 Rf3+ 56. Ke4 1-0

[Event "Klubbmesterskap 2010"]
[Site "Ås, Akershus NOR"]
[Date "2010.02.18"]
[Round "4"]
[White "Furnes, Torstein"]
[Black "Moberg, Jan Rune"]
[Result "1/2-1/2"]
[WhiteElo "1519"]
[BlackElo "1484"]
[PlyCount "133"]
[EventDate "2010.01.21"]

1. d4 d5 2. c4 c6 3. e3 Nf6 4. Nf3 Nbd7 5. Nc3 e6 6. Bd3 dxc4 7. Bxc4 b5 8. Bd3
a6 9. O-O Qb6 10. a3 Bb7 11. b4 Bd6 12. Bb2 Rc8 13. Rc1 a5 14. Qb3 O-O 15. Rfd1
axb4 16. axb4 Qd8 17. e4 Bf4 18. Ra1 Nb6 19. e5 Nfd5 20. Ne4 Na4 21. Nd6 Rc7
22. Rab1 Ba8 23. Ba1 h5 24. Bc2 f5 25. g3 Bh6 26. Nh4 Kh7 27. Qf3 g6 28. Ng2 f4
29. Qd3 Rg7 30. Nh4 Qg5 31. Ne4 Qe7 32. Nd6 Rfg8 33. Qf3 Kh8 34. Kf1 Bg5 35.
Ng2 fxg3 36. hxg3 Rf8 37. Qd3 Kh7 38. Ke2 Nab6 39. f4 Bxf4 40. gxf4 Rxf4 41.
Qd2 Rg4 42. Rg1 Nc4 43. Nxc4 bxc4 44. Rbf1 Nxb4 45. Ne3 Rh4 46. Kd1 c5 47. Nxc4
Nxc2 48. Kxc2 cxd4 49. Bxd4 Qd7 50. Rf4 Qa4+ 51. Kd3 Qb3+ 52. Bc3 Be4+ 53. Rxe4
Rxe4 54. Kxe4 Qxc4+ 55. Qd4 Qe2+ 56. Qe3 Qc2+ 57. Qd3 Qa4+ 58. Qd4 Qc6+ 59. Ke3
Rd7 60. Qb4 Qd5 61. Qd4 Qb5 62. Qe4 Qb6+ 63. Bd4 Qb3+ 64. Qd3 Qxd3+ 65. Kxd3 h4
66. Ke4 Rf7 67. Rg4 1/2-1/2

[Event "Klubbmesterskap 2010"]
[Site "Ås, Akershus NOR"]
[Date "2010.03.04"]
[Round "5"]
[White "Lea, Per"]
[Black "Furnes, Torstein"]
[Result "1/2-1/2"]
[WhiteElo "1536"]
[BlackElo "1519"]
[Annotator "Lea, Per"]
[PlyCount "127"]
[EventDate "2010.01.21"]

1. e4 c5 2. Nf3 Nc6 3. d4 cxd4 4. Nxd4 e5 5. Nb5 d6 6. N1c3 a6 7. Na3 b5 8. Nd5
Nf6 9. Bg5 Be7 10. Bxf6 Bxf6 11. c3 O-O 12. Nc2 {Akkurat denne stillingen har
vi hatt på brettet 3 ganger tidligere, første gang i 2005. Også mot andre
motstandere har jeg spilt dette, men det ville være en stygg overdrivelse å si
at jeg har hatt noen suksess med varianten. Noen remiser i postsjakkpartier
(eller fjernsjakkpartier som det heter nå) er vel det eneste jeg har å skryte
av.} Bg5 13. a4 (13. h4 {[%emt 0:00:00]} Bxh4 14. Qh5 {med matt eller
offisersgevinst fungerer bare mot nybegynnere, så det har jeg helt sluttet å
spille.}) 13... bxa4 14. Rxa4 a5 15. Bc4 Rb8 16. Ra2 {Ser litt rart ut, men
erfaringen har vist at tårnet står bra her. I visse varianter kan det også
hjelpe til med gardering av f2.} Kh8 17. O-O $2 (17. Nce3 {foreslås av John
Nunn i boka "Beating the Sicilian", med kommentaren: "An important link in
White's strategy. After 17.0-0 f5 Black has sufficient counterplay, but now
Black cannot force through ...f5 without some sort of exchange of minor pieces
which (...) must favour White. Så her glapp det nok litt i hjemmeleksene mine})
17... f5 {Om ikke jeg hadde gjort hjemmeleksa bra nok, hadde visst Torstein
gjort det, hvis han da ikke rett & slett kjente stillingen så godt at den
korrekte strategien sitter i ryggmargen.} 18. exf5 Bxf5 19. Nce3 Bg6 (19... Bd7
{er kanskje bedre, for å hindre hvits neste trekk}) 20. Qa4 Ne7 (20... Be8 {
hadde tvunget hvits dronning til retrett.}) 21. b3 Ra8 22. Rd1 Nf5 23. Nxf5
Bxf5 24. Qc6 Rc8 25. Qb6 Rc5 26. Rda1 Qxb6 27. Nxb6 Bd8 28. Na4 Rc8 29. Rd1 Bc7
30. Nb2 Be4 31. Be6 Rb8 32. Nc4 d5 {En sjelden tellefeil fra Torsteins side.
Den etterfølgende slagvekslinga ender med at hvit vinner en bonde - uten at
det leder til automatisk gevinst siden alle bøndene er på samme fløy og alle 4
tårnene er på brettet.} 33. Nxa5 (33. Ne3 {som også leder til bondevinst er
bedre i følge Fritz, men med en hvit fribonde. Ikke så jeg varianten under
partiet, og ikke er jeg 100% overbevist om hvor godt det er: i den varianten
ville svart ha fordelen av å ha løper mot springer.}) 33... Bxa5 34. Rxa5 Rxb3
35. Bxd5 Bxd5 36. Raxd5 Rxc3 37. Rxe5 Rc2 38. f4 h6 39. f5 Ra8 40. Re4 Raa2 41.
Rg4 Rf2 $2 {Ser naturlig ut - og sterkt, men er en feil som hvit ikke har vett
- eller mot - til å utnytte.} 42. Rf1 $2 (42. Rd8+ Kh7 43. Rd7 Rxf5 (43... Kg8
44. Rgxg7+ Kf8 45. h4 Rxf5 46. Rh7 Kg8 47. Rxh6) 44. Rdxg7+ Kh8 45. Rg8+ Kh7
46. R4g7# {En mulig psykologisk forklaring: med svarts konge på h8 er hjernen
innstilt på at det er 7.- og 8. -raden som gjelder. Men her er det altså
g-linja som avgjør, siden bonden på h6 tar et fluktfelt fra svarts konge.})
42... Rfb2 43. h3 Kh7 44. h4 Rc2 45. f6 gxf6 46. Rxf6 Rcb2 $2 {
Svart gir hvit en ny matchball. Ett av tårnene til 5.-raden holder remis.} 47.
Rf7+ Kh8 48. Rc7 $2 {... og der forsvant matchballen langt opp på tribunen...
Som sagt: 7.- og 8.-raden er kjente begreper, men her er det g-linja det skal
mattes i.} Rb1+ 49. Kh2 Raa1 50. Re4 Rh1+ 51. Kg3 Ra3+ $2 {
Ny matchball, men hvit er visst ingen tennisspiller.} 52. Kg4 Ra8 53. Re6 $2 (
53. Kh5 Ra5+ 54. Kxh6 Ra6+ 55. Kh5 Ra5+ 56. Kg4 Ra8 57. Re5 Rh2 (57... Rg8+ 58.
Rg5 Rb8 59. Kh5 Re1 60. g4 Rbe8 61. Rc6 R1e7 62. Rh6+ Rh7 63. Rxh7+ Kxh7 64.
Rc5 Re7 65. g5 Kg7 66. g6 Ra7 67. Kg5 Ra2 68. Rc7+ Kg8 69. h5 Ra5+ 70. Kh6 $18)
58. Rh5+ Kg8 59. Rg5+ Kf8 60. Kh5 Ra6 61. g4 Rh1 62. Rgg7 Re1 63. Rcf7+ Ke8 64.
Rh7 Rb1 65. Rc7 Kd8 66. g5 Rb4 67. Rb7 Rxb7 68. Rxb7 Ra5 69. Kh6 Kc8 70. Rf7
Ra4 71. h5 $18) 53... Rg8+ 54. Kh5 Rxg2 55. Rxh6+ Kg8 56. Rg6+ Rxg6 57. Kxg6
Rg1+ 58. Kh6 Kh8 59. h5 Rg7 {Ikke alle vet at Torstein er en stor humorist!}
60. Rc8+ (60. Rxg7 {er patt!}) 60... Rg8 61. Rc7 Rg1 62. Rh7+ ({
Her var det jeg som burde besvart Torsteins humoristiske innspill:} 62. Rg7
Rxg7 {... og det er hvit som er patt!}) 62... Kg8 63. Ra7 Kh8 64. Ra8+ {
Etter tårnbytte er det en fornærmelse av hvit å spille videre. Randbonden kan
bare vinne hvis svart får et illebefinnende og faller om.} 1/2-1/2

[Event "Klubbmesterskap 2010"]
[Site "Ås, Akershus NOR"]
[Date "2010.03.11"]
[Round "6"]
[White "Olsen, Trygve"]
[Black "Lea, Per"]
[Result "0-1"]
[WhiteElo "1280"]
[BlackElo "1536"]
[Annotator "Lea, Per"]
[PlyCount "66"]
[EventDate "2010.01.21"]

1. e4 e5 2. Bc4 Nf6 3. d3 d5 4. exd5 Nxd5 5. Qf3 Be6 6. Ne2 Nc6 7. c3 Bc5 8.
O-O O-O 9. Nd2 {De hvite springerne er berøvet sine beste felt: de hører jo
egentlig hjemme på f3 og c3. Der truer de viktigere felt, og dessuten sperrer
nå Sd2 for Lc1. Jag har allerede begynt å like min stilling, men av erfaring
kan Trygve slå til når man minst venter det, særlig når han har en
tilsynelatende stilling og gjerne ligger materielt under.} f5 10. a3 a5 11. Nb3
Be7 12. g3 {En plan jeg har problemer med å forstå vitsen med.} (12. Re1 Bf7
13. a4 (13. Qxf5 a4 14. Nd2 Ne3 15. fxe3 Bxc4 16. Qg4 Bxd3 17. Ng3 Rf6 $19)
13... Nb6 14. Bxf7+ Rxf7 $17) 12... a4 13. Nd2 Bf6 14. Qg2 Qd7 15. Nf3 f4 (
15... Na5 16. Ba2 Nb3 17. Bxb3 axb3 18. d4 e4 19. Ne5 Bxe5 20. dxe5 Nb6 21. Nf4
Nc4 22. Nxe6 Qxe6 23. f4 Rad8 24. Re1 Rd3 $17) 16. Bxd5 $2 {
Men hvis 17. Lh3 besvares med 17....Lxd5 er det hvis som plutselig står best} (
{Hvit fryktet - og svart håpet på:} 16. gxf4 Bh3 17. Qg3 Bxf1 18. Kxf1) 16...
Qxd5 17. Ne1 Qd7 18. Qh1 Bh3 (18... Be7 19. gxf4 Bd5 20. f3 Bc5+ 21. Rf2 Bxf2+
22. Kxf2 Rf6 23. c4 Bf7 24. Bd2 Re8 25. Bc3 Rh6 $17) 19. Qf3 Bxf1 (19... Na5
20. Ng2 Bg4 21. Qe4 f3 {0-1}) 20. Kxf1 Qh3+ 21. Kg1 fxg3 22. hxg3 Be7 23. Qe4
Qf5 24. Qc4+ Kh8 25. Be3 Bg5 26. Bc5 Rf6 27. Qe4 b6 28. Qxf5 Rxf5 29. Be3 Bxe3
30. fxe3 Raf8 31. Kh1 $2 {Dermed er alt håp ute.} ({Hvit kan prøve å kjempe
videre, og svart ville muligens hatt en lang kveld foran seg etter:} 31. Ng2
Rf3 32. d4 Kg8 33. Rc1 h5 34. c4 exd4 35. exd4 Re8 36. Rc3 Rxc3 37. Nxc3 Nxd4)
31... Rf1+ 32. Ng1 R8f2 33. Rb1 Re2 {
Hvit "glemte" at Sg1 er bundet, dermed: snipp, snapp, snute.} 0-1

[Event "Klubbmesterskap 2010"]
[Site "Ås, Akershus NOR"]
[Date "2010.03.11"]
[Round "6"]
[White "Furnes, Torstein"]
[Black "Høva, Frode"]
[Result "1-0"]
[WhiteElo "1519"]
[BlackElo "1572"]
[PlyCount "59"]
[EventDate "2010.01.21"]

1. d4 Nf6 2. c4 c5 3. d5 e6 4. dxe6 fxe6 5. Nc3 d5 6. cxd5 exd5 7. Bg5 d4 8.
Ne4 Qa5+ 9. Bd2 Qb6 10. Nxf6+ Qxf6 11. Nf3 Nc6 12. g3 Bd6 13. Bg2 O-O 14. O-O
d3 15. Qb3+ Kh8 16. Qxd3 Bf5 17. Qb5 Qf7 18. Ng5 Qc7 19. Bxc6 bxc6 20. Qc4 h6
21. Ne4 Rae8 22. Nxc5 Bh3 23. Rfd1 Rxf2 24. Kxf2 Qb6 25. b4 Qd8 26. Bf4 Qf6 27.
Ne4 Bxf4 28. Nxf6 Be3+ 29. Ke1 Rf8 30. Qe4 1-0

[Event "Klubbmesterskap 2010"]
[Site "Ås, Akershus NOR"]
[Date "2010.04.04"]
[Round "7"]
[White "Lea, Per"]
[Black "Garmark, Vegard"]
[Result "1-0"]
[WhiteElo "1536"]
[BlackElo "1023"]
[Annotator "Lea, Per"]
[PlyCount "83"]
[EventDate "2010.01.21"]

1. e4 d5 2. exd5 Qxd5 3. Nc3 Qa5 4. d4 c6 5. Nf3 Nf6 6. Bd2 Qc7 7. Bc4 g6 8.
Ne5 e6 9. Qf3 Bg7 10. Bf4 Qd8 11. Bg5 h6 12. Be3 ({Varianten} 12. Bh4 g5 13.
Bg3 Qxd4 14. Rd1 g4 15. Qe2 Qb6 16. Nxg4 Nbd7 17. O-O Nxg4 18. Qxg4 O-O 19. Bd6
Re8 20. Ne4 Qa5 21. Bf4 Qf5 22. Qxf5 exf5 23. Nd6 Re7 24. Rfe1 Rxe1+ 25. Rxe1
Nb6 26. Bxf7+ Kh7 27. Re7 {var alt for lang og komplisert til at jeg så den.
Det eneste jeg så, var at bonden på d4 ville falle uten annen kompensasjon enn
en åpen tårnlinje.}) 12... Nbd7 13. O-O-O O-O 14. g4 (14. Qh3 h5 15. Bg5 Qc7
16. Bf4 Nxe5 17. Bxe5 Qe7 18. Qf3 {
hadde vært et forsøk på å beholde initiativet.}) 14... Nd5 $1 15. Nxd5 (15.
Nxd7 {Bedre:} Bxd7 16. Ne4) 15... cxd5 16. Bb3 Nxe5 17. dxe5 a5 18. a3 b5 (
18... Qc7 19. Bf4 a4 20. Ba2 f6 21. exf6 Rxf6 22. Bxc7 Rxf3 23. Bg3 Ra5 {
gir større muligheter til å få fordel.}) 19. Qg3 a4 20. Ba2 Qc7 21. Bd4 b4 {
Litt for tidlig!} (21... Bd7 22. Kb1 b4 23. axb4 Qb8 24. c3 a3 25. Rd2 Qb5 26.
h4 axb2 27. Kxb2 Qa6 28. Kb1 $11) 22. axb4 Ba6 23. f4 Bc4 $2 (23... Rfc8) 24.
Bb1 $2 (24. Qc3 $16) 24... Bb3 $2 (24... Rfb8 25. Bc5 Bf8 26. Bxf8 Kxf8 $11)
25. Qc3 (25. f5 Rfb8 (25... exf5 26. gxf5 gxf5 27. Rhg1 {1-0}) 26. fxe6 fxe6
27. Qd3 Kh7 28. h4 Bc4 29. Qe3 $16) 25... Qxc3 26. Bxc3 Bc4 27. Bd4 a3 28. b3
Bxb3 29. cxb3 a2 30. Rd2 Rfc8+ 31. Rc2 axb1=Q+ 32. Kxb1 Rxc2 $2 (32... Rcb8 33.
Bc5 g5 34. Re1 gxf4 35. Rf2 Ra3 36. Kb2 Rba8 $11) 33. Kxc2 Rc8+ 34. Kd3 Rb8 35.
Bc5 Bf8 36. Kd4 f5 $4 {"I forbifarten" er det lett å glemme en-passant-slaget
- særlig etter et langt og komplisert parti.} 37. exf6 Kf7 38. g5 h5 39. Ra1
Bxc5+ 40. bxc5 Rb4+ 41. Ke5 Re4+ 42. Kd6 1-0

[Event "Klubbmesterskap 2010"]
[Site "Ås, Akershus NOR"]
[Date "2010.03.18"]
[Round "7"]
[White "Thowsen, Alf Geir"]
[Black "Furnes, Torstein"]
[Result "0-1"]
[WhiteElo "1178"]
[BlackElo "1519"]
[PlyCount "68"]
[EventDate "2010.01.21"]

1. d4 d5 2. c4 e6 3. Nc3 Nf6 4. e3 c6 5. Nf3 dxc4 6. Bxc4 b5 7. Bd3 a6 8. a3 c5
9. dxc5 Bxc5 10. b4 Bb6 11. Bb2 O-O 12. O-O Bb7 13. Be2 Qe7 14. Qc2 Nbd7 15.
Rac1 Rac8 16. Qb1 Bc7 17. e4 Bf4 18. Rce1 Nb6 19. Bd3 Nc4 20. Bxc4 Rxc4 21. e5
Bxf3 22. gxf3 Nh5 23. Ne2 Qh4 24. Ng3 Nxg3 25. fxg3 Bxg3 26. Re2 Bf4 27. Rff2
Qh6 28. Re4 Be3 29. Qf1 Rxe4 30. fxe4 Qf4 31. Kg2 Qxf2+ 32. Qxf2 Bxf2 33. Kxf2
Rc8 34. Kf3 Rc2 0-1

[Event "Klubbmesterskap 2010"]
[Site "Ås, Akershus NOR"]
[Date "2010.03.25"]
[Round "8"]
[White "Simonsen, Steinar"]
[Black "Lea, Per"]
[Result "0-1"]
[WhiteElo "1326"]
[BlackElo "1536"]
[Annotator "Lea, Per"]
[PlyCount "108"]
[EventDate "2010.01.21"]

1. e4 e5 2. Nf3 Nc6 3. Bb5 a6 4. Ba4 Nf6 5. O-O b5 6. Bb3 Be7 7. Re1 O-O 8. c4
{Uvanlig - og inntil noen overbeviser meg om det motsatte - ikke spesielt godt.
Hva er galt med:} (8. c3 d6 (8... d5 9. exd5 Nxd5 10. Nxe5 Nxe5 11. Rxe5 c6 (
11... Nf6 12. d4 Bd6 13. Re1 Ng4 14. h3 Qh4 15. Qf3 Nxf2 16. Bd2 Bxh3 17. gxh3
Nxh3+ 18. Kf1 Ng5 19. Bxg5 Qxg5 20. Na3 $18) 12. d4 Bd6 13. Re1 Qh4 14. g3 Qh3
15. Be3 Bg4 16. Qd3 Rae8 $14) 9. h3 Na5 10. Bc2 c5 11. d4 Qc7 12. Nbd2) 8...
bxc4 9. Bxc4 d6 10. Nc3 Bg4 11. h3 Bh5 $2 $11 (11... Bxf3 12. Qxf3 Nd4 13. Qd3
Nd7 14. b4 a5 15. b5 Nc5 16. Qb1 Rb8) 12. g4 Bg6 13. Nh4 (13. Qa4 Nd4 14. Nxd4
exd4 15. Nd5 Nd7 16. d3 Bh4 17. Re2 (17. Bxa6 $4 Nc5 $19)) 13... Bxe4 $2 14. d3
({Svart trodde at denne fortsettelsen var forsert:} 14. Nxe4 Nxe4 15. Rxe4 Bxh4
) 14... Bg6 15. Nxg6 hxg6 16. Nd5 Na5 17. Nxf6+ Bxf6 18. Bd5 c6 19. Bg2 Qc7 20.
Qa4 d5 $2 (20... Rfc8 21. Be3 Nb7 22. Rac1 Nd8 23. Rc2 Qd7 24. Bb6 Rab8 25.
Bxd8 Qxd8 26. Bxc6 a5 $11) 21. Bd2 Nb7 22. Rac1 c5 $2 (22... Rac8 23. Bxd5 Qd6
24. Bc4 a5 $16 {er et mindre onde.}) 23. Bxd5 Rfd8 24. Qc4 (24. Qe4 Nd6 25.
Qxg6 Ne8 26. Qe4 (26. Bxa8 $4 fxg6 {0-1}) 26... Rac8 27. g5 Qd7 28. Bb3 Qxd3
29. Qxd3 Rxd3 30. Rc2 c4 31. Bxc4 Rxc4 32. Rxc4 Rxd2 $18) 24... Rac8 $2 (24...
g5) 25. g5 Nd6 26. Qxa6 Nf5 27. Qb7 Qxb7 28. Bxb7 Rb8 29. gxf6 $2 (29. Be4 Be7
30. b3 $16) 29... Rxb7 30. fxg7 Rxd3 31. Bc3 Nd4 32. Re3 $4 (32. Rxe5 Nf3+ 33.
Kg2 Nxe5 34. Bxe5 Rd5 35. Bc3 {og hvits 2 bønder for kvaliteten, når den ene
bonden i tillegg er en gardert fribonde på g7, burde være mer enn nok til å
sikre remis.}) 32... Rxe3 33. Bxd4 Re4 34. Bc3 f6 35. Rd1 Kxg7 36. f3 Re2 37.
Rd5 Rc2 38. a4 Rc7 39. a5 Kf7 40. a6 $4 (40. Rd1 {
kunne ha vært verd et forsøk, men svart står allikevel klart best.}) 40... Rc1+
$2 (40... Rc6 $1) 41. Kg2 Ke6 42. Rd8 Ra1 43. Ra8 Kd7 $2 (43... Kf5) 44. f4 Rc6
45. fxe5 fxe5 46. a7 e4 47. Rg8 Rca6 48. b4 $2 (48. h4) 48... R1a2+ 49. Kg3
cxb4 $2 (49... Rxa7 50. Rg7+ Ke8 51. Rxa7 Rxa7 52. Kf4 Ra3 53. Be1 Rxh3 {0-1})
50. Bxb4 e3 51. Kf3 e2 52. Kf2 Rf6+ (52... Rxa7 53. Rg7+ Ke8 54. Rxa7 Rxa7 55.
Kxe2 Rh7 $18) 53. Ke3 Re6+ 54. Kf2 $4 e1=Q+ 0-1

[Event "Klubbmesterskap 2010"]
[Site "Ås, Akershus NOR"]
[Date "2010.03.25"]
[Round "8"]
[White "Furnes, Torstein"]
[Black "Stensland, Martin"]
[Result "1-0"]
[WhiteElo "1519"]
[BlackElo "1176"]
[PlyCount "47"]
[EventDate "2010.01.21"]

1. d4 d5 2. c4 Nf6 3. cxd5 Nxd5 4. e4 Nf6 5. Nc3 h6 6. Nf3 Bg4 7. Be2 e6 8. O-O
Bb4 9. Qa4+ Nc6 10. d5 Bxc3 11. dxc6 O-O 12. cxb7 Rb8 13. bxc3 e5 14. Ba3 Re8
15. Rad1 Nd7 16. Qxa7 Qf6 17. Bc1 Qc6 18. Qa6 Qxc3 19. Be3 Qb2 20. Rb1 Qc2 21.
Bd3 Nc5 22. Bxc2 Nxa6 23. Bd3 Re6 24. Ba7 1-0